Ứng dụng vi khuẩn Pseudomonas stutzeri và Bacillus subtilis để chuyển hoá đạm, lân trong quy trình xử lý nước thải lò giết mổ gia cầm : Luận văn thạc sĩ khoa học. Chuyên ngành: Công nghệ sinh học
Đề tài nghiên cứu nhằm đánh giá chuyển hoá đạm, lân của vi khuẩn Pseudomonas stutzeri và Bacillus subtilis đối với nước thải từ lò giết mổ gia cầm.
Shranjeno v:
| Glavni avtor: | |
|---|---|
| Format: | Knjiga |
| Jezik: | Undetermined |
| Izdano: |
Cần Thơ
Trường Đại học Cần Thơ
2013
|
| Teme: | |
| Oznake: |
Označite
Brez oznak, prvi označite!
|
| Thư viện lưu trữ: | Trung tâm Học liệu Trường Đại học Cần Thơ |
|---|
| LEADER | 01186nam a2200229Ia 4500 | ||
|---|---|---|---|
| 001 | CTU_184475 | ||
| 008 | 210402s9999 xx 000 0 und d | ||
| 082 | |a 628.746 | ||
| 082 | |b Th551 | ||
| 088 | |a 60420201 | ||
| 100 | |a Trần, Thị Thưa | ||
| 245 | 0 | |a Ứng dụng vi khuẩn Pseudomonas stutzeri và Bacillus subtilis để chuyển hoá đạm, lân trong quy trình xử lý nước thải lò giết mổ gia cầm : | |
| 245 | 0 | |b Luận văn thạc sĩ khoa học. Chuyên ngành: Công nghệ sinh học | |
| 245 | 0 | |c Trần Thị Thưa ; Cao Ngọc Điệp người hướng dẫn khoa học | |
| 260 | |a Cần Thơ | ||
| 260 | |b Trường Đại học Cần Thơ | ||
| 260 | |c 2013 | ||
| 520 | |a Đề tài nghiên cứu nhằm đánh giá chuyển hoá đạm, lân của vi khuẩn Pseudomonas stutzeri và Bacillus subtilis đối với nước thải từ lò giết mổ gia cầm. | ||
| 650 | |a Wastewaters,Nước thải | ||
| 650 | |x Purification,Lọc nước | ||
| 904 | |i Võ, Thị Diệu | ||
| 980 | |a Trung tâm Học liệu Trường Đại học Cần Thơ | ||